000 02864nam0a2200373 4500
001 RU\NLR\BIBL_A\022094761
005 20240212111734.0
010 _a978-5-00151-376-6
_9300
021 _aRU
_bКН-П-23-070095
_9КН-П-23-7106
035 _a(NLR Aleph) 022094761
090 _a12727832
_c12727832
100 _a20231212d2023 k y0rusy50 ca
101 0 _arus
_deng
102 _aRU
105 _aab z 100zy
181 0 _ai3
_baxxe
182 0 _an
200 1 _aРазвитие креативности личности в современном цифровом мультикультурном пространстве
_eсборник материалов Всероссийской с международным участием научно-практической конференции, 20 апреля 2023 г.
_fМинистерство науки и высшего образования Российской Федерации, Федеральное государственное бюджетное образовательное учреждение высшего образования "Елецкий государственный университет им. И. А. Бунина"
_gответственные редакторы: М. А. Стрельникова, кандидат филологических наук, доцент, В. А. Мальцева, кандидат педагогических наук, профессор
203 _aТекст
_bвизуальный
_cнепосредственный
210 _aЕлец
_cЕлецкий государственный университет им. И. А. Бунина
_d2023
215 _a264 с.
_cил., карты, табл.
_d21
300 _aРез. англ.
320 _aБиблиогр. в конце ст.
606 1 _aУчащиеся
_xРазвитие творческих способностей
_jСъезды, совещания и т.п
_2nlr_sh2
_3RU\NLR\AUTH\6601714115
686 1 _aЧ313.55я431
686 1 _aЮ983.724я431
702 1 _aСтрельникова
_bМ. А.
_cканд. филол. наук
_f1967-
_gМарина Анатольевна
_3RU\NLR\AUTH\770225503
_4340
711 1 2 _a"Развитие креативности личности в современном цифровом мультикультурном пространстве", всероссийская с международным участием научно-практическая конференция
_f2023
_eЕлец
_3RU\NLR\AUTH\880601935
712 0 2 _aЕлецкий государственный университет им. И. А. Бунина
_3RU\NLR\AUTH\8810032762
_4475
942 _cBOOK
980 _aNB